000 00298nam a2200121 4500
999 _c11285
_d11285
003 OSt
005 20230216182302.0
008 230216b ||||| |||| 00| 0 eng d
100 _aAlbert O Hulse
245 _aArchitectural rendering
260 _aNew York
_bMcGraw hill book company
942 _2ddc